00574 a2200169 4500000002100000001000700021005001700028008004100045020001800086082002300104100007600127245010300203260003200306300001000338630002600348700003000374BKB 14136620200902165524.0  a9781420070743 a333.73130285bR28R1 aRemote sensing of land use and land cover : principles and applications1 aRemote sensing of land use and land cover : principles and applicationscedited by Chandra P. Giri aBoca RatonbCRC Pressc2012 a425p. aEnvironmental Science aGiri, Chandra P., ed.bc